Państwa uniwersum Wiedźmina na mapie - Statystyki

Ogólne statystyki
  • Ten quiz został rozwiązany 1 826 razy
    1 601 od ostatniego zresetowania
  • Średni wynik to 11 z 23
Odpowiedzi na mapie
Odpowiedzi zakodowano w zielono-czerwonej skali na mapie do tego quizu, zgodnie z poniższymi procentami.
 
Statystyki odpowiedzi
Państwo % Poprawnych
Temeria
93%
Nilfgaard
90%
Redania
89%
Skellige
87%
Lyria i Rivia
71%
Kovir i Poviss
70%
Kaedwen
67%
Cintra
66%
Aedirn
56%
Novigrad
53%
Toussaint
53%
Zerrikania
44%
Mahakam
42%
Ofir
36%
Brokilon
35%
Cidaris
33%
Brugge
28%
Sodden
25%
Verden
20%
Kerack
17%
Liga z Hengfors
15%
Hakland
7%
Zangwebania
6%
Nie znaleziono quizów pasujących do podanych kryteriów
Rozkład punktacji
Procent ludzi z każdym wynikiem
Percentyl według liczby udzielonych odpowiedzi
Twoja historia wyników
Nie rozwiązałeś tego quizu od ostatniego zresetowania